000 00247nam a22001097a 4500
082 _a330.95491
100 _aYousaf Hussain Sherazi
245 _aPakistan kay maashi masail
260 _aLahore
_bFeroze sons
_c1970
300 _a175p
942 _cBK
999 _c3376
_d3376